书目信息 |
| 题名: |
公元2000年的中国
|
|
| 作者: | ;《2000年研究》小组 著 | |
| 分册: | ||
| 出版信息: | 北京 科学技术文献出版社 1984 |
|
| 页数: | 222页 | |
| 开本: | 21cm | |
| 丛书名: | ||
| 单 册: | ||
| 中图分类: | G303 | |
| 科图分类: | ||
| 主题词: | 未来学 | |
| 电子资源: | ||
| ISBN: | ||
| 000 | 00653nam0 2200229 45 | |
| 001 | 0184004729 | |
| 005 | 20070926162311.43 | |
| 010 | @dCNY0.94 | |
| 091 | @a17176.407 | |
| 100 | @a19950701d1984 em y0chiy0121 ea | |
| 101 | 0 | @achi |
| 102 | @aCN@b110000 | |
| 105 | @ay z 000yy | |
| 200 | 10 | @a公元2000年的中国@Agong yuan2000 nian de zhong guo@f《2000年研究》小组著@F《2000 Nian Yan Jiu》Xiao Zu Zhu |
| 210 | @a北京@c科学技术文献出版社@d1984 | |
| 215 | @a222页@d21cm | |
| 606 | @a未来学 | |
| 690 | @aG303@v3 | |
| 711 | 02 | @a《2000年研究》小组@4著 |
| 801 | 2 | @aCN@bNLC@c20070926 |
| 801 | 0 | @aCN@b上海图书馆@c20040505 |
| 905 | @dG303@e12@f1@b130531 | |
| 公元2000年的中国/《2000年研究》小组著.-北京:科学技术文献出版社,1984 |
| 222页;21cm |
| ISBN :CNY0.94 |
| ● |
| 相关链接 |
|
|
|
|
正题名:公元2000年的中国
索取号:G303/12
 
预约/预借
| 序号 | 登录号 | 条形码 | 馆藏地/架位号 | 状态 | 备注 |
| 1 | 0130529 | 000989158 | 密集书库/ [索取号:G303/12] | 在馆 | |
| 2 | 0130530 | 000984242 | 密集书库/ [索取号:G303/12] | 在馆 | |
| 3 | 0130531 | 001996843 | 密集书库/ [索取号:G303/12] | 在馆 | |
| 4 | 0130532 | 000984288 | 密集书库/ [索取号:G303/12] | 在馆 | |
| 5 | 0130533 | 000984224 | 密集书库/ [索取号:G303/12] | 在馆 | |
| 6 | 0130534 | 000989149 | 密集书库/ [索取号:G303/12] | 在馆 | |
| 7 | 0130535 | 000989194 | 密集书库/ [索取号:G303/12] | 在馆 | |
| 8 | 0130536 | 000984233 | 密集书库/ [索取号:G303/12] | 在馆 | |
| 9 | 0130537 | 000989210 | 密集书库/ [索取号:G303/12] | 在馆 | |
| 10 | 0130538 | 000984215 | 第一样本阅览室/ [索取号:G303/12] | 在馆 | |
| 11 | 0626122 | 206261221 | 密集书库/ [索取号:G303/12] | 在馆 |